00463nam a2200181Ia 4500003000400000005001700004008004100021020001500062040000700077041000800084082001600092100002500108245006100133260004100194300001500235365001400250650001700264OSt20230425143133.0210423s2003 xx 000 0 und d a8172333137 cAL aeng a615.53 MAHJ aMAHESHWARI (J K),Ed. aEthnobotany and medicinal plants of Indian subcontinent. aJodhpurbScientific Publishersc2003 axi,672bHB b1800cINR aPharmacology